Z dziejów średniowiecza

Titel: Z dziejów średniowiecza : wybór pism / Stanisław Arnold
Verfasser:
Veröffentlicht: Warszawa : Państwowe Wydawn. Naukowe, 1968
Umfang: 587 S. : Kt.
Format: Buch
Sprache: Polnisch
Kein Bild verfügbar
X
Lokale Klassifikation: 32 7 B
alg: 18405020
001A    $03004:29-01-07 
001B    $01999:26-05-23 $t22:15:44.000 
001C    $03004:29-01-07 $t15:09:42.000 
001D    $03004:29-01-07 
001U    $0utf8 
001X    $00 
002@    $0Aau 
003@    $0184050200 
003O    $013013590 $aOCoLC 
007A    $0184050200 $aHEB 
007T    $0Herdhh184050200 
010@    $apol 
011@    $a1968 
021A    $aZ dziejów średniowiecza $dwybór pism $hStanisław Arnold 
027A/01 $aAus der mittelalterlichen Geschichte 
028A    $#Arnold, S. $#Arnold, Stanislaw $712492199X $8Arnold, Stanisław$Z1895-1973 [Tp1] $9155513451 
033A    $pWarszawa $nPaństwowe Wydawn. Naukowe 
034D    $a587 S. 
034M    $aKt. 
037B    $aÜbers. des HST: Aus der mittelalterlichen Geschichte 
045F    $a900.943809021 $eDDC23BSB 
045F/01 $a900 
045F/03 $f09021 
045F/03 $f0902 
045F/03 $g438 
046C    $aAus der mittelalterlichen Geschichte $bÜbers. des Hauptsacht. 

lok: 18405020 24
101B    $029-01-07 $t15:09:42.000 
101C    $029-01-07 
101U    $0utf8 
145Z/01 $a32 7 B 

exp: 18405020 24 1 #EPN
201B/01 $029-01-07 $t15:09:42.000 
201C/01 $029-01-07 
201U/01 $0utf8 
203@/01 $0500406545 
208@/01 $a29-01-07 $br 
209A/01 $a32 VII B 35 $du $f050 $h32 7 B 35 $x00 
209C/01 $a71589480 
220C/01 $agro 
247C/01 $8358050-7 Marburg, Bibliothek des Herder-Instituts Marburg $9102600961 

lok: 18405020 78

exp: 18405020 78 1 #EPN
201B/01 $019-04-17 $t20:39:04.000 
201U/01 $0utf8 
203@/01 $0792941004 
208@/01 $a12-11-16 $be 
209A/01 $a/ $f000 $x00 
237A/01 $aweiterführende Signatur(en): Herder-Institut: 32 VII B 35 
244Z/01 $2Trx $#Poola $#Lenkija $#Polija $#Polen Land $#Poland $#Lengyelország $#Poľsko $#Polsko $8--Trx--Polska$gkraj $x01 $9391345966 
244Z/01 $2Trx $8--Trx--Monographie $x02 $9391384546 
245Z/01 $a06.02 $x01 
247C/01 $82080>Marburg/Lahn, Herder-Institut, Forschungsbibliothek, Bibliographieportal $9336309341 

lok: 18405020 204

exp: 18405020 204 1 #EPN
201B/01 $031-08-11 $t12:04:36.000 
201C/01 $031-08-11 
201U/01 $0utf8 
203@/01 $0628978820 
208@/01 $a31-08-11 $brZKAW 
209A/01 $a064 G P 69/1362 $du $f000 $x00 
220B/01 $aRetro 043859 
245S/01 $a10200 $x01 
247C/01 $8631000-x <26>Gießen, Universität Gießen, Universitätsbibliothek Gießen $9102596697
LEADER 00000cam a2200000 c 4500
001 184050200
003 DE-603
005 20230526221544.0
007 tu
008 070129s1968 xx |||| | u00||u|pol c
035 |a (DE-599)HEB184050200 
035 |a (OCoLC)13013590 
040 |a DE-603  |b ger  |c DE-603  |d DE-603 
041 |a pol 
082 0 4 |8 1\u  |a 900.943809021  |q DE-101  |2 23/BSB 
085 |8 1\u  |b 900 
085 |8 1\u  |z 1  |s 09021 
085 |8 1\u  |z 1  |s 0902 
085 |8 1\u  |z 2  |s 438 
100 1 |a Arnold, Stanisław  |d 1895-1973  |0 (DE-603)155513451  |0 (DE-588)12492199X  |2 gnd 
245 0 0 |a Z dziejów średniowiecza  |b wybór pism  |c Stanisław Arnold 
246 1 |i Übers. des Hauptsacht.  |a Aus der mittelalterlichen Geschichte 
246 1 3 |a Aus der mittelalterlichen Geschichte 
264 1 |a Warszawa  |b Państwowe Wydawn. Naukowe  |c 1968 
300 |a 587 S.  |b Kt. 
500 |a Übers. des HST: Aus der mittelalterlichen Geschichte 
924 0 |9 Mb 50  |a (DE-603)500406545  |b DE-Mb50  |c HES  |d c  |g 32 VII B 35 
924 0 |9 2080  |a (DE-603)792941004  |b DE-2080  |c HES  |d d  |g / 
924 0 |9 26  |a (DE-603)628978820  |b DE-26  |c HES  |d c  |g 064 G P 69/1362